00753nam a22001937a 450000500170000001000440001702000260006103500130008703500170010003700180011703700130013508200080014824502030015626000440035927000790040330000390048270000190052170000190054020160209113212.0 a1516ENO7 B-609928-960 ENG-114709 a9789352034574c435.00 aEN-98241 aB-609928-960 adplbStar/Ven bDBAD/PUB a000 aSuccess master CTET(Central Teacher Eligibility Test) :cedited by Purnendu Kumar [and] Gajendra Pal bpaper-II : social studies/ science teacher selection for class VI-VIII with solved paper 2015 / aNew DelhibArihant Publicationsc(201?) a4577/15, Agarwal Road, Daryaganj bNew Delhi e110002k011-47630600l-m- avarious pagings :bill.c24cm(pbk) aPurnendu Kumar aPal, Gajendra